000 00217 a2200097 4500
001 47644
100 _aElliott R
245 _aLearning music
260 _aColumbia
_bCharles E Merrill book
_c
090 _c30655
_d30655
942 _aNUST-CAE
_cM
_c22953
999 _c282717
_d282717